Caernarfon Town FC - Statistics

General Stats
  • This quiz has been taken 5 times
  • The average score is 14 of 23
Answer Stats
Hint Answer % Correct
Number 10 Darren Thomas
100%
Number 20 Cai Jones
80%
Number 18 Dion Ethel Owen
80%
Number 5 Gareth Edwards
80%
Number 2 Joe Williams
80%
Number 14 Noah Edwards
80%
Number 1 Alex Ramsey
60%
Number 12 Ben Maher
60%
"Dos adra" Damien Smith
60%
Cofi Dre Cont Daniel Morgan Roberts
60%
Number 11 Danny Brookwell
60%
Number 7 Gareth Evans
60%
Went Cefn Druids away Iwan Rhys Hughes
60%
Number 9 Jamie Breese
60%
"Ond Dad dwi'n Cofi" Morgan Celt Williams
60%
Number 3 Nathan Craig
60%
Number 4 Rhys Roberts
60%
Number 19 Sion Bradley
60%
"You can't bullshit me" Dave Cavanagh
40%
Number 8 Jay Crowther
40%
Big dick Kev Bach
40%
Enjoys the zoo Nick Bould
40%
"Fellas" Sean Eardley
40%
No matching quizzes found
Score Distribution
Percent of People with Each Score
Percentile by Number Answered
Your Score History
You have not taken this quiz